00920nam a22002415a 450000500170000000800410001702000180005804000280007608200210010410000290012524500690015425000120022326000700023530000350030550000240034050400310036465000400039565000410043565300350047694200080051199900170051995201420053620201128021537.0150824t2014 ii a frb 001 0 eng d a9789350909805 aEG-ScBUEbengcEG-ScBUE04222a362.175bDAS1 aDas Gupta, Shuva.93871610aNursing interventions for the critically ill /cShuva Das Gupta. 32nd ed. aNew Delhi :bJaypee Brothers Medical Publishers (p) LTD,cc.2014. axvii, 314 p. :bill. ;c24 cm. aIndex : p. 311-314. aBibliography : p. 309-310. 72BUEshaCritically illxCare.938717 792174aIntensive care nursing.2BUEsh bNNURcAugust2015cNovember2015 2ddc c20708d20680 00102ddc40708BaccahaMAINbMAINc1STd2015-08-24ePurchaseg148.00h21764l0o362.175 DASp000039753r2025-07-15 00:00:00v184.00yBB